000
00330 a2200109 4500
001
ART_46175
005
20260410162053.0
008
260409a
245
1
0
_a
Las urbanizaciones privadas cerradas en Santo Tomé, Santa Fé
100
1
_a
Pallud, Pamela
773
0
_t
Pampa
_g
- Año 6, Nº 6 (nov. 2010)
_w
REV46129
999
_c
36028
_d
36028